000 00923nam a2200229 a 4500
001 39546
003 BD-RjUL
005 20211209053019.0
008 160412m20102004bg ||||e |||| 00| 0 ben d
020 _a9789848815694
_c: Tk. 230.00
035 _a(BD-RjUL)39659
040 _aBD-RjUL
_bben
_cBD-RjUL
041 _aben
082 _223
_a891.443
_bAHM 2010
100 _aআহমেদ,নাজিমুদ্দীন
_9121814
245 1 0 _aমৃত্যুদূত :
_bএক দুর্ধর্ষ ঠগের আত্মকাহিনী /
_cনাজিমুদ্দীন আহমেদ
260 _aঢাকা :
_bদি ইউনিভার্সিটি প্রেস,
_c২০১০.
300 _a২০০ পৃ. ;
_c২১ সেমি.
650 _aবাংলা সাহিত্য
_vউপন্যাস
_9116625
650 _aBengali Literature
_vFiction
_9116655
942 _2ddc
_cBK
999 _c39546
_d39546